| 000 | 00519 a2200181 4500 | ||
|---|---|---|---|
| 003 | OSt | ||
| 005 | 20260305142844.0 | ||
| 008 | 260305b |||||||| |||| 00| 0 eng d | ||
| 020 | _a9789364879965 | ||
| 040 | _coclc | ||
| 082 |
_a894.812301 _bECH/D |
||
| 100 |
_aEchikkanam, Santhosh _97895 |
||
| 245 |
_aDESHEEYAMRUGAM / _cSanthosh Echikkanam |
||
| 250 | _a2nd Ed. | ||
| 260 |
_aKottayam: _bD C Books. _c2025, |
||
| 300 | _a125 PAGES | ||
| 942 |
_2ddc _cBK _h894.812301 _iECH/D _k894.812301 _mECH/D |
||
| 999 |
_c44630 _d44630 |
||